|
|
|
|
| LEADER |
00000nab a2200000 a 4500 |
| 001 |
vtls010114102 |
| 003 |
SK-MaSNL |
| 005 |
20260426070500.0 |
| 008 |
150305|2008 xo |||||||||||||| ||slo |
| 015 |
|
|
|a SNBRA2010/07
|2 snkbucl
|
| 038 |
|
|
|a SNKBUCL
|
| 040 |
|
|
|a SNKBUCL
|b slo
|e AACR2
|c SNKBUCL
|
| 041 |
1 |
|
|a slo
|b eng
|
| 044 |
|
|
|a xo
|c SK
|
| 080 |
|
|
|a 323
|x (437.6)
|x "1925/1929"
|2 2001
|
| 080 |
|
|
|a 070.48:323
|x (437.6)
|x "1925/1929"
|2 2001
|
| 080 |
|
|
|a 329.63
|x (437.6)
|x "1925/1929"
|2 2001
|
| 100 |
1 |
|
|a Marťák, Michal,
|d 1978-
|4 aut
|9 252178
|
| 245 |
1 |
0 |
|a Reflexia HSĽS na stránkach spišskej agrárnej regionálnej tlače
|c Michal Marťák
|
| 504 |
|
|
|a Bibliogr. odkazy
|
| 546 |
|
|
|a Res. angl.
|
| 610 |
2 |
7 |
|a Hlinkova slovenská ľudová strana
|2 snkbucl
|9 32578
|
| 610 |
2 |
7 |
|a Republikánska strana poľnohospodárskeho a maloroľníckeho ľudu (Slovensko)
|2 snkbucl
|9 214302
|
| 630 |
0 |
7 |
|a Republikán župy Podtatranskej (časopis)
|2 snkbucl
|9 1323181
|
| 630 |
0 |
7 |
|a Podtatranská Slovač (časopis)
|2 snkbucl
|9 1051843
|
| 648 |
|
7 |
|a 1925-1929
|2 snkbucl
|9 418649
|
| 650 |
0 |
7 |
|a regionálna tlač
|2 snkbucl
|9 84164
|
| 650 |
0 |
7 |
|a agrárna tlač
|2 snkbucl
|9 1323182
|
| 651 |
|
7 |
|a Spiš (Slovensko : región)
|2 snkbucl
|9 17692
|
| 651 |
|
7 |
|a Slovensko
|2 snkbucl
|9 14231
|
| 655 |
|
7 |
|a štúdie
|2 snkbucl
|9 57033
|
| 773 |
0 |
|
|t Ružomberský historický zborník II
|d Ružomberok : Katolícka univerzita, 2008
|g S. 175-182
|z 9788080844059
|
| 852 |
|
|
|a SNK
|b KIS3GCP
|
| 958 |
|
|
|a NB
|
| 999 |
|
|
|c 2668021
|d 2669951
|